| 000 | 004400000a22001690004500 | ||
|---|---|---|---|
| 003 | MACL | ||
| 005 | 20160108125719.0 | ||
| 008 | 160108b xxu||||| |||| 00| 0 eng d | ||
| 040 |
_aMACL _cMACL |
||
| 041 | _aEnglish | ||
| 082 | _a910/WAT | ||
| 100 |
_aWatters, Thomas _929634 |
||
| 245 |
_aOn Yuan Chwang's _bTravels in India vol 2 |
||
| 260 |
_bRoyal Asiatic Society _c1905 _aLondon |
||
| 650 |
_aTravel _929635 |
||
| 942 |
_cBK _k910/WAT _2ddc |
||
| 999 |
_c39096 _d39096 |
||